Электровосстановление кислорода как способ определения активности антиоксидантов на примере фенотиазина и его производных; Химия и химическая технология в XXI веке; Т. 1

Bibliografiske detaljer
Parent link:Химия и химическая технология в XXI веке: материалы XIII Всероссийской научно-практической конференции имени профессора Л.П. Кулёва студентов и молодых ученых с международным участием, Томск, 14-17 мая 2012 г/ Национальный исследовательский Томский политехнический университет (ТПУ), Институт природных ресурсов (ИПР) ; Институт физики высоких технологий (ИФВТ) ; Физико-технический институт (ФТИ).— , 2012
Т. 1.— 2012.— [С. 277-279]
Hovedforfatter: Русаков Д. А. Дмитрий Александрович
Institution som forfatter: Национальный исследовательский Томский политехнический университет (ТПУ) Институт природных ресурсов (ИПР) Кафедра общей химической технологии (ОХТ)
Andre forfattere: Короткова Е. И. Елена Ивановна, Журавков С. П. Сергей Петрович
Summary:Заглавие с титульного экрана
Sprog:russisk
Udgivet: 2012
Serier:Теоретические и прикладные аспекты физической и аналитической химии
Fag:
Online adgang:http://www.lib.tpu.ru/fulltext/c/2012/C27/V1/002.pdf
Format: Electronisk Book Chapter
KOHA link:https://koha.lib.tpu.ru/cgi-bin/koha/opac-detail.pl?biblionumber=615766

MARC

LEADER 00000naa2a2200000 4500
001 615766
005 20240219093519.0
035 |a (RuTPU)RU\TPU\conf\13982 
035 |a RU\TPU\conf\2527 
090 |a 615766 
100 |a 20151119d2012 k y0rusy50 ca 
101 0 |a rus 
102 |a RU 
105 |a y z 100zy 
135 |a drcn ---uucaa 
181 0 |a i  
182 0 |a b 
200 1 |a Электровосстановление кислорода как способ определения активности антиоксидантов на примере фенотиазина и его производных  |f Д. А. Русаков, Е. И. Короткова, С. П. Журавков 
203 |a Текст  |c электронный 
225 1 |a Теоретические и прикладные аспекты физической и аналитической химии 
300 |a Заглавие с титульного экрана 
320 |a [Библиогр.: с. 279 (1 назв.)] 
337 |a Adobe Reader 
461 1 |0 (RuTPU)RU\TPU\conf\91  |t Химия и химическая технология в XXI веке  |o материалы XIII Всероссийской научно-практической конференции имени профессора Л.П. Кулёва студентов и молодых ученых с международным участием, Томск, 14-17 мая 2012 г  |o в 2 т.  |f Национальный исследовательский Томский политехнический университет (ТПУ), Институт природных ресурсов (ИПР) ; Институт физики высоких технологий (ИФВТ) ; Физико-технический институт (ФТИ)  |d 2012 
463 0 |0 (RuTPU)RU\TPU\conf\92  |t Т. 1  |v [С. 277-279]  |d 2012 
610 1 |a труды учёных ТПУ 
610 1 |a электронный ресурс 
610 1 |a фенотиазин 
610 1 |a антиоксиданты 
700 1 |a Русаков  |b Д. А.  |c химик  |c инженер Томского политехнического университета  |f 1982-  |g Дмитрий Александрович  |3 (RuTPU)RU\TPU\pers\29585 
701 1 |a Короткова  |b Е. И.  |c химик  |c профессор Томского политехнического университета, доктор химических наук  |f 1965-  |g Елена Ивановна  |3 (RuTPU)RU\TPU\pers\27109  |9 12659 
701 1 |a Журавков  |b С. П.  |c химик  |c ведущий научный сотрудник, доцент Томского политехнического университета, кандидат химических наук  |f 1961-  |g Сергей Петрович  |3 (RuTPU)RU\TPU\pers\28225  |9 13178 
712 0 2 |a Национальный исследовательский Томский политехнический университет (ТПУ)  |b Институт природных ресурсов (ИПР)  |b Кафедра общей химической технологии (ОХТ)  |3 (RuTPU)RU\TPU\col\18654 
801 2 |a RU  |b 63413507  |c 20161229  |g RCR 
856 4 |u http://www.lib.tpu.ru/fulltext/c/2012/C27/V1/002.pdf 
942 |c BK